00356nam a2200121Ia 4500008004100000082001400041100001900055245004300074260002500117365000600142630004300148730004300191100415s9999 xx 000 0 und d b8884a570 aSchweitzar FR aMan in Southern Africa : The Stone Age aCAPE TOWNc1975bSAM b0 aMan in Southern Africa : The Stone Age aMan in Southern Africa : The Stone Age